Thomas' calculus (Record no. 755078)

MARC details
000 -LEADER
fixed length control field 00470nam a22001937a 4500
020 ## - INTERNATIONAL STANDARD BOOK NUMBER
ISBN 9789353060411
100 ## - MAIN ENTRY--AUTHOR NAME
Personal name Hass, Joel
245 ## - TITLE STATEMENT
Title Thomas' calculus
250 ## - EDITION STATEMENT
Edition statement 14th ed.
260 ## - PUBLICATION, DISTRIBUTION, ETC. (IMPRINT)
Place of publication Uttarpradesh
Name of publisher Pearson
Year of publication 2018
300 ## - PHYSICAL DESCRIPTION
Number of Pages xvi+1048
650 ## - SUBJECT ADDED ENTRY--TOPICAL TERM
Topical Term Derivatives
650 ## - SUBJECT ADDED ENTRY--TOPICAL TERM
Topical Term Integral
650 ## - SUBJECT ADDED ENTRY--TOPICAL TERM
Topical Term Vectors
700 ## - ADDED ENTRY--PERSONAL NAME
Personal name Heil, Christopher
700 ## - ADDED ENTRY--PERSONAL NAME
Personal name Weir, Maurice D
942 ## - ADDED ENTRY ELEMENTS (KOHA)
Source of classification or shelving scheme Dewey Decimal Classification
Koha item type Book
Holdings
Withdrawn status Lost status Source of classification or shelving scheme Damaged status Not for loan Collection code Home Library Current Location Shelving location Date acquired Source of acquisition Cost, normal purchase price Full call number Accession Number Price effective from Koha item type
    Dewey Decimal Classification     Gift or donation Dept. of Mathematics Dept. of Mathematics General Stacks 08/01/2026 Donated by Dr. Krishna Kumar G on the completion of SERB sponsored project (UO. No: Ad.F1/1373/2021 dated 22/01/2024) 999.00 515.72 HAS-T MATG264 14/01/2026 Book